Not My Book Chain Quiz Stats

 Plays Quiz Updated Oct 4, 2016

Challenge
Share
Tweet
Embed
Score 0/12 Timer 08:00
5 Plays Today
Question Answer Wrong Answers
Which book was not written by J.R.R. Tolkien? Song of Solomon
95.4%
The Hobbit
0.8%
The Return of the King
1.1%
The Two Towers
1.2%
Which book was not written by Roald Dahl? The Sun Also Rises
94%
Charlie and the Chocolate Factory
1.9%
Matilda
1.8%
Fantastic Mr. Fox
2.2%
Which book was not written by Jules Verne? Chitty-Chitty-Bang-Bang: The Magic Car
90.4%
Journey to the Center of the Earth
2.5%
Twenty Thousand Leagues Under the Sea
2%
Around the World in Eighty Days
2%
Which book was not written by Ernest Hemingway? East of Eden
83%
For Whom the Bell Tolls
7.4%
A Farewell to Arms
5.3%
The Old Man and the Sea
3.8%
Which book was not written by Charles Dickens? The Seven Lady Godivas
79.6%
The Old Curiosity Shop
8.9%
Nicholas Nickleby
4.8%
David Copperfield
2.7%
Which book was not written by John Steinbeck? The Silmarillion
75.9%
Cannery Row
6.9%
The Red Pony
13.9%
Of Mice and Men
2.2%
Which book was not written by Dr. Seuss? The Twits
68.7%
Thidwick the Big-Hearted Moose
11.9%
The Sneetches and Other Stories
3.8%
The 500 Hats of Bartholomew Cubbins
11.7%
Which book was not written by Fyodor Dostoyevsky? Bleak House
64.9%
The Idiot
14.4%
Crime and Punishment
6.2%
Notes from Underground
10.6%
Which book was not written by Ian Fleming? The Death of Ivan Ilyich
63.5%
Live and Let Die
4.9%
Thrilling Cities
20.2%
The Diamond Smugglers
8.1%
Which book was not written by Toni Morrison? Men Like Gods
51.9%
The Bluest Eye
13.1%
Tar Baby
25.2%
Beloved
7.5%
Which book was not written by Leo Tolstoy? The Brothers Karamazov
37%
War and Peace
5%
Anna Karenina
6.8%
The Cossacks
47.6%
Which book was not written by H.G. Wells? From the Earth to the Moon
30%
The Island of Doctor Moreau
17.1%
The First Men in the Moon
35.7%
The Invisible Man
14.5%

You're not logged in!

Compare scores with friends on all Sporcle quizzes.
Join for Free
OR
Log In

You Might Also Like...

Show Comments

Extras

Top Quizzes Today


Score Distribution

Your Account Isn't Verified!

In order to create a playlist on Sporcle, you need to verify the email address you used during registration. Go to your Sporcle Settings to finish the process.

Report this User

Report this user for behavior that violates our Community Guidelines.

Details: